[Event "AUTO-INT-2077"]
[Site "http://www.queenalice.com/game.php?id=957155"]
[Date "2011.7.5"]
[Round "1"]
[White "Mars"]
[Black "xyzzyx"]
[Result "0-1"]
[WhiteElo "1609"]
[BlackElo "1312"]

1. d4 d5 2. g3 Nf6 3. e3 e6 4. Bh3 c5 5. Nc3 Nc6 6. Nge2 Be7 7. O-O O-O 8. Bd2
a6 9. a3 b5 10. b3 cxd4 11. Nxd4 Nxd4 12. exd4 Bb7 13. Qf3 Rc8 14. Rac1 b4 15.
axb4 Bxb4 16. Nb1 Bxd2 17. Nxd2 Qb6 18. Qe3 Rc7 19. c4 dxc4 20. Nxc4 Qc6 21. Ne5
Qh1# 0-1

[Event "AUTO-INT-2091"]
[Site "http://www.queenalice.com/game.php?id=962130"]
[Date "2011.7.19"]
[Round "1"]
[White "FranzMeM"]
[Black "Mars"]
[Result "1-0"]
[WhiteElo "1521"]
[BlackElo "1609"]

1. e4 d5 2. e5 e6 3. d4 Be7 4. Nf3 Bd7 5. Bd3 Nc6 6. O-O Nb4 7. a3 Nxd3 8. Qxd3
Nh6 9. h3 c5 10. Nc3 O-O 11. Bxh6 c4 12. Qe3 gxh6 13. Qxh6 Kh8 14. Ne2 Rg8 15.
c3 f6 16. exf6 Bxf6 17. Nf4 Qe7 18. Rfe1 Raf8 19. Re2 Rf7 20. g3 Rfg7 21. Rae1
Bg5 22. Nxg5 Rxg5 23. Nxe6 R5g6 24. Qf4 Bxe6 25. Qe5+ Qg7 26. Qxg7+ R8xg7 27.
Rxe6 Rxe6 28. Rxe6 Kg8 29. Rd6 Rg5 30. h4 Rf5 31. Rd8+ Kf7 32. Rd7+ Kg6 33. Rxb7
h5 34. Rxa7 Kf6 35. Rb7 Ke6 36. a4 Rf7 37. Rb6+ Kf5 38. a5 Ke4 39. b3 cxb3 40.
Rxb3 Kd3 41. a6 Ra7 42. Ra3 Kc4 43. Kg2 Kb5 44. Kh3 Rxa6 45. Rxa6 Kxa6 46. g4
hxg4+ 47. Kxg4 Kb5 48. h5 Kc4 49. h6 Kxc3 50. h7 Kxd4 51. h8=Q+ Kc5 52. f4 d4
53. f5 d3 54. Qc3+ Kd5 55. f6 Ke4 56. f7 Ke3 57. f8=Q Ke2 58. Qe7+ Kf2 59. Qd2+
Kf1 60. Qee1# 1-0

[Event "AUTO-INT-2091"]
[Site "http://www.queenalice.com/game.php?id=962131"]
[Date "2011.7.19"]
[Round "1"]
[White "Mars"]
[Black "FranzMeM"]
[Result "1-0"]
[WhiteElo "1589"]
[BlackElo "1561"]

1. d4 d5 2. e3 Nf6 3. Bd3 e6 4. Bd2 a6 5. Nc3 Nc6 6. Nf3 Be7 7. O-O h6 8. Ne5
Nxe5 9. dxe5 Nd7 10. f4 b5 11. Qf3 Bb7 12. e4 d4 13. Ne2 c5 14. c3 c4 15. Bb1 d3
16. Nd4 Qb6 17. Be3 Bc5 18. Rd1 Bxd4 19. Bxd4 Qc6 20. Qe3 O-O-O 21. Re1 a5 22.
Qf2 a4 23. a3 h5 24. Ba2 h4 25. h3 Ba6 26. f5 Rdf8 27. f6 g6 28. Rad1 Bb7 29.
Re3 Rh7 30. Qf4 Rh5 31. Rf3 g5 32. Qe3 Rg8 33. Bb1 g4 34. hxg4 Rxg4 35. Rh3 Rxe4
36. Qf3 Rh7 37. Qf2 Nxe5 38. Bxe5 Rxe5 39. Rd2 Re4 40. Re3 Rxe3 41. Qxe3 h3 42.
Qg3 h2+ 43. Kh1 Qd5 44. Qg8+ Qd8 45. Qxh7 Qxf6 46. Qxh2 Qf1+ 47. Qg1 Bxg2+ 48.
Rxg2 Qxg1+ 49. Rxg1 Kd7 50. Rg5 Kc6 51. Kg2 f5 52. Rg6 Kd5 53. Kf3 e5 54. Rg5 f4
55. Kg4 Ke4 56. Rf5 Kd5 57. Kf3 Kd6 58. Ke4 d2 59. Bc2 d1=Q 60. Bxd1 f3 61. Bxf3
Kc5 62. Rxe5+ Kb6 63. Kd4 Ka6 64. Kc5 Ka5 65. Kc6 Ka6 66. Rxb5 Ka7 67. Be2 Ka6
68. Bxc4 Ka7 69. Rb4 Ka8 70. Be6 Ka7 71. c4 Ka8 72. c5 Ka7 73. Kd6 Ka8 74. c6
Ka7 75. c7 Ka6 76. c8=Q+ Ka5 77. Qa8# 1-0

[Event "AUTO-INT-2091"]
[Site "http://www.queenalice.com/game.php?id=962146"]
[Date "2011.7.19"]
[Round "1"]
[White "geert"]
[Black "Mars"]
[Result "0-1"]
[WhiteElo "1620"]
[BlackElo "1595"]

1. d4 d5 2. e3 e6 3. Nf3 Bd6 4. Bd3 Bd7 5. O-O Qf6 6. c4 Ne7 7. c5 Bxh2+ 8. Nxh2
Bc6 9. Ng4 Qh4 10. Ne5 O-O 11. Nd2 a6 12. Ndf3 Qf6 13. g3 Nf5 14. Ng4 Qe7 15.
Nge5 a5 16. b3 Be8 17. Ba3 c6 18. Bxf5 exf5 19. Kg2 f6 20. Nd3 Bh5 21. Rh1 Bg6
22. Nh4 Qe4+ 23. Nf3 Nd7 24. Rh4 Qe6 25. Nf4 Qf7 26. Qe2 Rae8 27. b4 b6 28. cxb6
Nxb6 29. bxa5 Nc4 30. Bxf8 Rxf8 31. Qe1 Nd6 32. Nxg6 Qxg6 33. Qc3 Nc4 34. Qb4
Ra8 35. Qb7 Re8 36. Qxc6 h6 37. Qxd5+ Kh7 38. Qxc4 h5 39. Rah1 Re4 40. Rxh5+
Qxh5 0-1

[Event "AUTO-INT-2091"]
[Site "http://www.queenalice.com/game.php?id=962147"]
[Date "2011.7.19"]
[Round "1"]
[White "Mars"]
[Black "geert"]
[Result "1-0"]
[WhiteElo "1576"]
[BlackElo "1639"]

1. d4 d5 2. c4 dxc4 3. Nc3 a6 4. e4 b5 5. Bf4 e6 6. Be2 Be7 7. Bf3 Bb7 8. Nh3 h6
9. e5 Bxf3 10. Qxf3 c6 11. O-O Nd7 12. Rad1 Nb6 13. Be3 Qd7 14. b3 Bb4 15. Ne4
Nd5 16. Bd2 c3 17. Nxc3 Nge7 18. Nf4 Nxf4 19. Qxf4 Ng6 20. Qe4 O-O 21. Ne2 Qc7
22. Bxb4 Rfd8 23. Bc5 Rd5 24. a3 Rad8 25. b4 a5 26. Rb1 Ra8 27. g3 axb4 28. Bxb4
Ne7 29. Nf4 Rd7 30. Nh5 Rdd8 31. Qg4 Nf5 32. Rbd1 g5 33. Nf6+ Kg7 34. f4 Ne3 35.
Qf3 Nd5 36. Bc5 Nxf6 37. exf6+ Kxf6 38. Qc3 Kg6 39. Qd3+ f5 40. Rde1 1-0

[Event "AUTO-INT-2091"]
[Site "http://www.queenalice.com/game.php?id=962156"]
[Date "2011.7.19"]
[Round "1"]
[White "nick_sallo"]
[Black "Mars"]
[Result "1-0"]
[WhiteElo "1691"]
[BlackElo "1622"]

1. e4 e5 2. Nf3 d6 3. h3 Be7 4. Bc4 Be6 5. Bb3 Nf6 6. Bxe6 fxe6 7. a3 Nxe4 8.
Nc3 Nxc3 9. dxc3 Bf6 10. Bd2 Nd7 11. Qe2 d5 12. O-O-O e4 13. Nd4 Bxd4 14. cxd4
O-O 15. f3 Qh4 16. fxe4 dxe4 17. g3 Qxg3 18. Qxe4 Nf6 19. Qxe6+ Rf7 20. h4 Re8
21. Qc4 Qd6 22. h5 h6 23. Bc3 Ne4 24. Rde1 c6 25. Rhf1 Nf6 26. Rxe8+ Nxe8 27.
Qxf7+ Kh7 28. Qg6+ Kh8 29. Qxe8+ Kh7 30. Rf8 Qxf8 31. Qxf8 1-0

[Event "AUTO-INT-2091"]
[Site "http://www.queenalice.com/game.php?id=962157"]
[Date "2011.7.19"]
[Round "1"]
[White "Mars"]
[Black "nick_sallo"]
[Result "0-1"]
[WhiteElo "1601"]
[BlackElo "1839"]

1. d4 d5 2. c4 h6 3. e3 e6 4. Bd2 Nf6 5. Bd3 a6 6. c5 Be7 7. Nf3 Nbd7 8. Qe2 c6
9. b4 b6 10. a3 bxc5 11. bxc5 Ne4 12. Bxe4 dxe4 13. Ne5 Nxe5 14. dxe5 Bxc5 15.
Nc3 O-O 16. O-O f6 17. Nxe4 Ba7 18. exf6 Qc7 19. Bc3 Bb8 20. g3 e5 21. Rfd1 Bf5
22. Qc4+ Kh8 23. fxg7+ Qxg7 24. Qxc6 Bxe4 25. Qxe4 Bc7 26. Rab1 Kg8 27. Rb7 Qf7
28. Rf1 Rab8 29. Bb4 Rfe8 30. Qg4+ Qg7 31. Qe4 Rbd8 32. Qc4+ Qf7 33. Rxc7 Qxc4
34. Rxc4 Rd3 35. Rc6 a5 36. Bc5 Rc3 37. Rg6+ Kh7 38. Rc6 h5 39. Rb1 Kg7 40. Rb7+
Kg8 41. Rg6+ Kh8 42. Rh6+ Kg8 43. Rc7 Rxc5 44. Rxc5 Kg7 45. Rxh5 Rh8 46. Rhxe5
Rf8 47. Rc4 Kf6 48. Rxa5 Ke7 49. Rb4 Rd8 50. Ra7+ Rd7 51. Re4+ Kd6 52. Ra6+ Kd5
53. Rd4+ Kc5 0-1

[Event "AUTO-ADV-2224"]
[Site "http://www.queenalice.com/game.php?id=962167"]
[Date "2011.7.19"]
[Round "1"]
[White "Enxadrista_A"]
[Black "Mars"]
[Result "1-0"]
[WhiteElo "1769"]
[BlackElo "1591"]

1. e4 e5 2. Nf3 d6 3. Bc4 Qf6 4. Nc3 Ne7 5. d3 Qg6 6. Ng5 Nec6 7. Bxf7+ Qxf7 8.
Nxf7 Kxf7 9. Nd5 Na6 10. Qf3+ Kg8 11. Qg3 h6 12. O-O Be7 13. f4 Be6 14. Nxe7+
Nxe7 15. f5 Bf7 16. f6 Ng6 17. h4 Nc5 18. h5 Nf4 19. Qxg7# 1-0

[Event "AUTO-ADV-2224"]
[Site "http://www.queenalice.com/game.php?id=962168"]
[Date "2011.7.19"]
[Round "1"]
[White "Mars"]
[Black "Enxadrista_A"]
[Result "0-1"]
[WhiteElo "1583"]
[BlackElo "1898"]

1. d4 d5 2. Qd3 Nf6 3. Nc3 Nc6 4. g3 e5 5. e3 e4 6. Qe2 Bb4 7. Bd2 O-O 8. Bh3 a6
9. Bxc8 Rxc8 10. Nh3 Qd7 11. Nf4 Bxc3 12. Bxc3 Nd8 13. O-O Ne6 14. Rfe1 Ng5 15.
Bb4 Rfe8 16. b3 Nf3+ 17. Kg2 Nxe1+ 18. Rxe1 Qc6 19. a4 Qd7 20. c4 c6 21. c5 Qc7
22. Nh5 Nxh5 23. Qxh5 b6 24. Rb1 a5 25. Bc3 Re6 26. b4 Ra8 27. Kg1 axb4 28. Rxb4
bxc5 29. dxc5 Rb8 30. Qg4 Rg6 31. Qe2 Rxb4 32. Bxb4 Qa7 0-1

[Event "AUTO-ADV-2224"]
[Site "http://www.queenalice.com/game.php?id=962183"]
[Date "2011.7.19"]
[Round "1"]
[White "robertson"]
[Black "Mars"]
[Result "0-1"]
[WhiteElo "1685"]
[BlackElo "1582"]

1. e4 e5 2. c4 Nf6 3. Bd3 Bc5 4. h3 Nc6 5. Nf3 O-O 6. a3 b6 7. Bc2 Bb7 8. d3 Nd4
9. Nxd4 Bxd4 10. Nd2 Nh5 11. Qxh5 Qf6 12. Nf3 h6 13. Nxd4 exd4 14. Qg4 d6 15. f3
Rae8 16. Bf4 a5 17. Bd2 Re7 18. Ba4 Bc8 19. Qg3 c5 20. Qf2 Rd8 21. g4 Bd7 22. f4
Bxa4 23. h4 g6 24. Ke2 Bd7 25. Rag1 b5 26. cxb5 Bxb5 27. g5 hxg5 28. hxg5 Rxe4+
29. Kd1 Ba4+ 30. Kc1 Qf5 31. Qh4 Kf8 32. Qh8+ Ke7 33. Qh4 Re6 34. Bxa5 Rf8 35.
Rh3 c4 36. Qg3 c3 37. Bb4 cxb2+ 38. Kd2 Rc8 39. Rh2 Rc2+ 0-1

[Event "AUTO-ADV-2224"]
[Site "http://www.queenalice.com/game.php?id=962184"]
[Date "2011.7.19"]
[Round "1"]
[White "Mars"]
[Black "robertson"]
[Result "0-1"]
[WhiteElo "1604"]
[BlackElo "1690"]

1. d4 e6 2. e4 c5 3. d5 exd5 4. exd5 Bd6 5. Bc4 Qa5+ 6. c3 Qd8 7. Qe2+ Ne7 8.
Nf3 O-O 9. Qe4 Ng6 10. O-O b6 11. Na3 Re8 12. Qd3 Be5 13. Re1 d6 14. Bb3 a6 15.
Bc2 Bg4 16. Nxe5 dxe5 17. f3 Bc8 18. d6 Nd7 19. Bb3 b5 20. Bd5 Rb8 21. Be4 c4
22. Qc2 Nc5 23. Bc6 Re6 24. Rd1 Rxd6 25. Rxd6 Qxd6 26. Be4 Nxe4 27. fxe4 Bb7 28.
Be3 Nh4 29. Rf1 Re8 30. Qf2 Qe7 31. Bc5 Qf6 32. Qxf6 gxf6 33. Nc2 Bxe4 34. Ne3
f5 35. b4 Rd8 36. g3 Nf3+ 37. Kf2 Rd2# 0-1

[Event "AUTO-ADV-2224"]
[Site "http://www.queenalice.com/game.php?id=962193"]
[Date "2011.7.19"]
[Round "1"]
[White "RenatoAraujo"]
[Black "Mars"]
[Result "1-0"]
[WhiteElo "1667"]
[BlackElo "1507"]

1. e4 e5 2. Nf3 d6 3. d4 Qf6 4. Nc3 exd4 5. Nxd4 Bd7 6. Nd5 Qd8 7. Bd3 c6 8. Nc3
Nf6 9. O-O Be7 10. f4 d5 11. e5 Bg4 12. Qe1 Nh5 13. f5 Bc5 14. Be3 Bxd4 15. Bxd4
Qg5 16. e6 O-O 17. exf7+ Rxf7 18. Be3 Qd8 19. h3 1-0

[Event "AUTO-ADV-2224"]
[Site "http://www.queenalice.com/game.php?id=962194"]
[Date "2011.7.19"]
[Round "1"]
[White "Mars"]
[Black "RenatoAraujo"]
[Result "0-1"]
[WhiteElo "1497"]
[BlackElo "1677"]

1. d4 Nf6 2. Nc3 d5 3. e3 g6 4. Bd3 Bg7 5. Nf3 O-O 6. O-O c5 7. dxc5 Nc6 8. a3
e5 9. e4 Bg4 10. Bd2 Nd4 11. Bg5 Nxf3+ 12. gxf3 Bh3 13. Re1 d4 14. Nd5 h6 15.
Bh4 g5 16. Bg3 Nxd5 17. Bc4 Nf4 18. Bxf4 gxf4 19. Bf1 Qh4 0-1

[Event "AUTO-ADV-2255"]
[Site "http://www.queenalice.com/game.php?id=976103"]
[Date "2011.8.24"]
[Round "1"]
[White "Mars"]
[Black "EdsonEstevam"]
[Result "0-1"]
[WhiteElo "1589"]
[BlackElo "1847"]

1. d4 d5 2. g3 Bg4 3. Bg2 Nf6 4. Nc3 e6 5. Bd2 Bb4 6. Nf3 Nc6 7. a3 Ba5 8. O-O
Bb6 9. Re1 O-O 10. e3 Ne4 11. Qe2 Qf6 12. Nxe4 dxe4 13. Rac1 Bxf3 14. Bxf3 exf3
15. Qf1 Ne7 16. b4 Ng6 17. c3 Rad8 18. Qh3 e5 19. a4 e4 20. a5 Bxd4 21. cxd4 c6
22. Bc3 Qe7 23. Red1 Rd5 24. Bd2 h6 25. Rc2 Rg5 26. Bc3 a6 27. d5 cxd5 28. Bd4
Qxb4 29. Bc3 Qa3 30. Be1 Ne5 31. Rxd5 Qa1 32. Qf1 Nd3 33. Bc3 Qxf1+ 0-1

[Event "AUTO-ADV-2255"]
[Site "http://www.queenalice.com/game.php?id=976104"]
[Date "2011.8.24"]
[Round "1"]
[White "EdsonEstevam"]
[Black "Mars"]
[Result "1-0"]
[WhiteElo "1841"]
[BlackElo "1595"]

1. e4 e5 2. d4 d6 3. Nf3 Nd7 4. Bc4 Qf6 5. Bg5 Qg6 6. Nc3 f6 7. Nd5 Kd8 8. Bh4
b6 9. Qd3 Qxg2 10. O-O-O Qh3 11. Rdg1 Nb8 12. Rg3 Qd7 13. Kb1 Nh6 14. h3 Nc6 15.
Bb5 Bb7 16. Nxf6 Qf7 17. Bc4 Qxf6 18. Bxf6+ gxf6 19. d5 Nb4 20. Qb3 Na6 21. a3
Nc5 22. Qe3 Ba6 23. Qe2 Bxc4 24. Qxc4 a5 25. Nd2 f5 26. f3 f4 27. Rg5 Rg8 28.
Rh5 Nf7 29. Rxh7 Ng5 30. Rg1 Kc8 31. Rh5 Be7 32. h4 Kb7 33. hxg5 a4 34. g6 1-0

[Event "AUTO-ADV-2255"]
[Site "http://www.queenalice.com/game.php?id=976105"]
[Date "2011.8.24"]
[Round "1"]
[White "Mars"]
[Black "jarkus"]
[Result "0-1"]
[WhiteElo "1580"]
[BlackElo "1731"]

1. d4 Nf6 2. Nc3 d5 3. g3 Nc6 4. Bg2 e6 5. Bd2 Nxd4 6. e3 Nc6 7. Nf3 e5 8. O-O
Be7 9. Re1 O-O 10. e4 Nxe4 11. Nxe4 dxe4 12. Nxe5 Nxe5 13. Bxe4 Nc4 14. Re2 Bg4
15. Bxb7 Rb8 16. Be4 Bxe2 17. Qxe2 Nxd2 18. Rd1 Bg5 19. Qh5 h6 20. b3 Rb4 21. c4
Re8 22. Bc2 Rb6 23. c5 Rbe6 24. Qg4 Re1+ 25. Rxe1 Rxe1+ 0-1

[Event "AUTO-ADV-2255"]
[Site "http://www.queenalice.com/game.php?id=976106"]
[Date "2011.8.24"]
[Round "1"]
[White "jarkus"]
[Black "Mars"]
[Result "1-0"]
[WhiteElo "1741"]
[BlackElo "1570"]

1. e4 e5 2. Nf3 d6 3. Bb5+ Bd7 4. Qe2 Nf6 5. Nc3 Be7 6. O-O c6 7. Bc4 O-O 8. d4
Bg4 9. dxe5 dxe5 10. h3 Bd7 11. Nxe5 Be6 12. Bxe6 fxe6 13. Rd1 Qe8 14. Qc4 Bd8
15. Rd6 Bc7 16. Rxe6 Qxe6 17. Qxe6+ Kh8 18. Nf7+ Rxf7 19. Qxf7 h6 20. Qxc7 Nbd7
21. Qxb7 Rd8 22. Qxc6 Ne5 23. Qc7 Rf8 24. Qxe5 Nd7 25. Qe7 Rg8 26. Qxd7 1-0

[Event "AUTO-ADV-2255"]
[Site "http://www.queenalice.com/game.php?id=976107"]
[Date "2011.8.24"]
[Round "1"]
[White "Mars"]
[Black "UKopra"]
[Result "0-1"]
[WhiteElo "1612"]
[BlackElo "1739"]

1. d4 Nf6 2. Nc3 d5 3. g3 Bf5 4. Bg2 e6 5. Bd2 Be7 6. Nf3 Nbd7 7. O-O O-O 8. Ne5
c5 9. Be3 Rc8 10. Bf3 Bh3 11. Re1 Bd6 12. Nxd7 Nxd7 13. Qd2 Nb6 14. Rad1 Nc4 15.
Qc1 Qb6 16. b3 Na5 17. Na4 Qb5 18. Nb2 c4 19. bxc4 Nxc4 20. Nxc4 Qxc4 21. Qb2 b6
22. c3 Qxc3 23. Qb1 Ba3 24. Rd3 Qb4 25. Qd1 Rc4 26. Bd2 Qa4 27. Rb3 Rxd4 28. Rd3
Qxd1 29. Rxd1 Rxd3 30. exd3 Rc8 31. Re1 Rc2 32. Be3 Rxa2 33. Bd4 Bc5 34. Bxc5
bxc5 35. Rb1 g6 36. Bd1 Bf5 37. Bb3 Ra3 38. Bc2 Bxd3 39. Rb8+ Kg7 40. Bxd3 Rxd3
41. Rb7 Ra3 42. f4 c4 43. Rc7 c3 44. Kf1 d4 45. h4 h5 46. Ke1 d3 47. Rd7 Ra1+
48. Kf2 d2 49. Ke2 c2 50. Rxd2 c1=Q 0-1

[Event "AUTO-ADV-2255"]
[Site "http://www.queenalice.com/game.php?id=976108"]
[Date "2011.8.24"]
[Round "1"]
[White "UKopra"]
[Black "Mars"]
[Result "1-0"]
[WhiteElo "1748"]
[BlackElo "1586"]

1. d4 d5 2. c4 e6 3. Nc3 Ne7 4. Nf3 Nbc6 5. e4 g6 6. exd5 exd5 7. Bg5 Bf5 8.
Nxd5 Qd6 9. Bf6 Rg8 10. c5 Qxd5 11. Be2 Qe6 12. Bg5 Nd5 13. O-O Bg7 14. Re1 f6
15. Bd3 Ne3 16. Rxe3 Qxe3 17. fxe3 O-O-O 18. Bxf5+ gxf5 19. Bf4 Rd7 20. Nh4 Rd5
21. Qc2 Ne7 22. b4 Ng6 23. Nxf5 Kb8 24. Bg3 a6 25. h4 Bf8 26. e4 Rd8 27. a4 Ne7
28. Qd3 Nc6 29. b5 Nb4 30. Qc4 axb5 31. Qxg8 Kc8 32. axb5 Nd3 33. Qf7 Kb8 34.
Qxc7# 1-0

[Event "Challenge"]
[Site "http://www.queenalice.com/game.php?id=985535"]
[Date "2011.9.15"]
[Round "-"]
[White "AliceLachmann00"]
[Black "Mars"]
[Result "1-0"]
[WhiteElo "1304"]
[BlackElo "1532"]

1. e4 e5 2. Nf3 d6 3. Nc3 Nf6 4. d4 Nbd7 5. d5 g6 6. Bg5 Bg7 7. Bb5 O-O 8. Qd3
Nc5 9. Qe2 a6 10. Bd3 Bd7 11. b4 Na4 12. Nxa4 Bxa4 13. O-O b6 14. Qe3 Qd7 15.
Bh6 Ng4 16. Qe2 Bxh6 17. h3 1-0